000 00533nam a2200181Ia 4500
003 GCL
008 140319s9999 xx 000 0 ara d
040 _aGCL /
_cGCL
082 0 4 _a818
_bع ع
100 1 _aعبدالوهاب مطاوع
245 1 0 _aالعصافير الخرساء /
_cعبدالوهاب مطاوع
260 _aبيروت :
_bدار الشروق ،
_c1991
300 _a253 ص ؛
_c12 سم
490 _a100 قصة
_v0
650 0 4 _aالقصص العربية
650 0 4 _aالمقالات
942 _2ddc
_cBK
999 _c45052
_d45052